The Feynman Lectures on Physics : new Millennium Edition Vol. III /

Gespeichert in:
Bibliographische Detailangaben
Hauptverfasser: Feynman, Richard P (Verfasst von), Leighton, Robert B (Verfasst von), Sands, Matthew (Verfasst von)
Format: Buch
Sprache:Englisch
Veröffentlicht: California Institute of Technology 2010
Tags: Tag hinzufügen
Keine Tags, Fügen Sie das erste Tag hinzu!

MARC

LEADER 00000nam a22000003a 4500
001 0098913
003 SK-STU
005 20221207083339.5
007 ta
008 221207s ----xo-----e------000-0-----d
020 |a 978-0-465-02501-5 
040 |a STU  |b slo 
041 0 |a eng 
044 |a xxu 
100 1 |a Feynman, Richard P  |4 aut 
245 1 0 |a The Feynman Lectures on Physics :  |b new Millennium Edition  |n Vol. III /  |c aut. Richard P Feynman, Robert B Leighton, Matthew Sands 
260 |b California Institute of Technology  |c 2010 
700 1 |a Leighton, Robert B  |4 aut 
700 1 |a Sands, Matthew  |4 aut 
996 |b 284M089198  |c M* 14685-1  |d Vol. III /  |l MMST  |s A  |a 24  |w 0098913_0001